[Rezension von: Yvonne Yiu, Jan van Eyck. Das Arnolfini-Doppelbildnis]

Saved in:
Bibliographic Details
Published in:Kunstform 3(2002), 6
Main Author: Kemperdick, Stephan (Author, VerfasserIn)
Document Type: Online Resource Article
Language:German
Published: 2002
Subjects:
Online Access:kostenfrei
Related Items:Enthalten in: Kunstform
Rezension von: Jan van Eyck, das Arnolfini-Doppelbildnis
Author Notes:rezensiert von Stephan Kemperdick
LEADER 01695naa a2200337 c 4500
001 1920844945
003 DE-627
005 20250331104204.0
007 cr uuu---uuuuu
008 250331s2002 xx |||||oo 00| ||ger c
035 |a (DE-627)1920844945 
035 |a (DE-599)KXP1920844945 
040 |a DE-627  |b ger  |c DE-627  |e rda 
041 |a ger 
084 |a KUNST  |q DE-16  |2 fid 
100 1 |a Kemperdick, Stephan  |d 1960-  |e VerfasserIn  |0 (DE-588)121039439  |0 (DE-627)081047118  |0 (DE-576)177425571  |4 aut 
245 1 0 |a [Rezension von: Yvonne Yiu, Jan van Eyck. Das Arnolfini-Doppelbildnis]  |c rezensiert von Stephan Kemperdick 
264 1 |c 2002 
300 |b Illustrationen 
336 |a Text  |b txt  |2 rdacontent 
337 |a Computermedien  |b c  |2 rdamedia 
338 |a Online-Ressource  |b cr  |2 rdacarrier 
655 7 |a Rezension  |0 (DE-588)4049712-4  |0 (DE-627)106186019  |0 (DE-576)209083166  |2 gnd-content 
773 0 8 |i Enthalten in  |t Kunstform  |d München : Ludwig-Maximilians-Universität München, Institut für Kunstgeschichte, 2000  |g 3(2002), 6  |h Online-Ressource  |w (DE-627)382929004  |w (DE-600)2140180-9  |w (DE-576)281244731  |x 1618-7199  |7 nnas 
773 1 8 |g volume:3  |g year:2002  |g number:6 
787 0 8 |i Rezension von  |a Yiu, Yvonne, 1970 -   |t Jan van Eyck, das Arnolfini-Doppelbildnis  |d Frankfurt am Main : Stroemfeld, 2001  |h 251 Seiten  |w (DE-627)1616065958  |w (DE-576)090009649  |z 3861091518 
856 4 0 |u https://www.arthistoricum.net/kunstform/rezension/ausgabe/2002/6/2298  |x Verlag  |z kostenfrei  |3 Volltext  |7 0 
951 |a AR 
994 |u https://www.arthistoricum.net/themen/rezensionen/kunstform/rezension/ausgabe/2002/6/2298 
991 |a Rezension (Monographie, Zeitschrift, Aufsatz) 
999 |a KXP-PPN1920844945  |e 4948587524